Search the Library Catalogue
| 000 -LEADER | |
|---|---|
| fixed length control field | 01546nam a2200169Ia 4500 |
| 008 - FIXED-LENGTH DATA ELEMENTS--GENERAL INFORMATION | |
| fixed length control field | 250728s9999 xx 000 0 und d |
| 020 ## - INTERNATIONAL STANDARD BOOK NUMBER | |
| ISBN | 9780521130899 |
| 082 ## - DEWEY DECIMAL CLASSIFICATION NUMBER | |
| Classification number | 949.53 |
| Item number | NIC |
| 100 ## - MAIN ENTRY--AUTHOR NAME | |
| Personal name | Nicol, Donald M. |
| 245 #4 - TITLE STATEMENT | |
| Title | The Despotate of Epiros 1267-1479 |
| 260 ## - PUBLICATION, DISTRIBUTION, ETC. (IMPRINT) | |
| Name of publisher | Cambridge University Press |
| Year of publication | 2010 |
| 300 ## - PHYSICAL DESCRIPTION | |
| Number of Pages | 312 pages |
| 500 ## - GENERAL NOTE | |
| General note | The district of Epiros in north-western Greece became an independent province following the Fourth Crusade and the dismemberment of the Byzantine Empire by the Latins in 1204. It retained its independence despite the recovery of Constantinople by the Greeks in 1261. Each of its rulers acquired the Byzantine titles of Despot, from which the term Despotate was coined to describe their territory. They preserved their autonomy partly by seeking support from their foreign neighbours in Italy. The fortunes of Epiros were thus affected by the expansionist plans of the Angevin kings of Naples and the commercial interests of Venice. Until 1318 it was governed by direct descendants of its Byzantine founder. Thereafter it was taken over first by the Italian family of Orsini, then conquered by the Serbians, infiltrated by the Albanians, and appropriated by an Italian adventurer, Carlo Tocco. Like the rest of Byzantium and eastern Europe it was ultimately absorbed into the Ottoman Empire in the fifteenth century. The Despotate of Epiros illuminates part of Byzantine history and of the history of Greece in the Middle Ages. |
| 650 ## - SUBJECT ADDED ENTRY--TOPICAL TERM | |
| Topical Term | History |
| 942 ## - ADDED ENTRY ELEMENTS (KOHA) | |
| Koha item type | English Books |
| Withdrawn status | Lost status | Damaged status | Not for loan | Home library | Current library | Shelving location | Date acquired | Full call number | Accession Number | Price effective from | Koha item type |
|---|---|---|---|---|---|---|---|---|---|---|---|
| Anna Centenary Library | Anna Centenary Library | 7TH FLOOR, B WING | 28.07.2025 | 949.53 NIC | 232771 | 28.07.2025 | English Books |